Dr. S. R. Lasker Library Online Catalogue

Home      Library Home      Institutional Repository      E-Resources      MyAthens      EWU Home

Production/operations management / (Record no. 2671)

MARC details
000 -LEADER
fixed length control field 01107cam a2200325 a 4500
001 - CONTROL NUMBER
control field 2671
003 - CONTROL NUMBER IDENTIFIER
control field BD-DhEWU
005 - DATE AND TIME OF LATEST TRANSACTION
control field 20181224020002.0
008 - FIXED-LENGTH DATA ELEMENTS--GENERAL INFORMATION
fixed length control field 980514s1999 ii a bi 001 0 eng
020 ## - INTERNATIONAL STANDARD BOOK NUMBER
International Standard Book Number 0073661120 (student ed. : alk. paper)
International Standard Book Number 0073661139 (instructor's ed. : alk. paper)
International Standard Book Number 0071158561 (international ed. : alk. paper)
035 ## - SYSTEM CONTROL NUMBER
System control number (DLC) 98024796
040 ## - CATALOGING SOURCE
Original cataloging agency DLC
Transcribing agency DLC
Modifying agency DLC
-- BD-DhEWU
Language of cataloging eng
041 ## - LANGUAGE CODE
Language code of text/sound track or separate title eng
050 00 - LIBRARY OF CONGRESS CALL NUMBER
Classification number TS155
Item number .S7824 1999
082 00 - DEWEY DECIMAL CLASSIFICATION NUMBER
Classification number 658.5
Edition number 22
Item number STP 1999
100 1# - MAIN ENTRY--PERSONAL NAME
Personal name Stevenson, William J.
9 (RLIN) 3565
245 10 - TITLE STATEMENT
Title Production/operations management /
Statement of responsibility, etc William J. Stevenson.
250 ## - EDITION STATEMENT
Edition statement 6th ed.
260 ## - PUBLICATION, DISTRIBUTION, ETC. (IMPRINT)
Place of publication, distribution, etc Boston :
-- New Delhi :
Name of publisher, distributor, etc Irwin/McGraw-Hill,
Date of publication, distribution, etc c1999.
300 ## - PHYSICAL DESCRIPTION
Extent xvi, 912 p. :
Other physical details ill. (some col.) ;
Dimensions 29 cm. +
500 ## - GENERAL NOTE
General note Included in an envelope a card containing the password to the web Online Learning Center.
504 ## - BIBLIOGRAPHY, ETC. NOTE
Bibliography, etc Includes bibliographical references and index.
526 ## - STUDY PROGRAM INFORMATION NOTE
Program name BA
590 ## - LOCAL NOTE (RLIN)
Local note Shaharima Parvin
650 #0 - SUBJECT ADDED ENTRY--TOPICAL TERM
Topical term or geographic name as entry element Production management.
9 (RLIN) 11486
942 ## - ADDED ENTRY ELEMENTS (KOHA)
Source of classification or shelving scheme Dewey Decimal Classification
Koha item type Text
Koha issues (borrowed), all copies 31
Holdings
Withdrawn status Lost status Source of classification or shelving scheme Damaged status Not for loan Collection code Home library Current library Shelving location Date acquired Source of acquisition Cost, normal purchase price Total Checkouts Full call number Barcode Date last seen Date checked out Copy number Koha item type
    Dewey Decimal Classification   Not For Loan Non-fiction Dr. S. R. Lasker Library, EWU Dr. S. R. Lasker Library, EWU Reserve Section 18/09/1999 Karim International 1327.92 1 658.5 STP 1999 7218 27/05/2014 24/05/2014 C-1 Text
    Dewey Decimal Classification   Not For Loan Non-fiction Dr. S. R. Lasker Library, EWU Dr. S. R. Lasker Library, EWU Reserve Section 18/09/1999 Karim International 1327.92 12 658.5 STP 1999 7219 22/04/2014 21/04/2014 C-2 Text
    Dewey Decimal Classification     Non-fiction Dr. S. R. Lasker Library, EWU Dr. S. R. Lasker Library, EWU Circulation Section 18/09/1999 Karim International 1327.92 16 658.5 STP 1999 7222 23/10/2022 21/10/2022 C-5 Text
    Dewey Decimal Classification     Non-fiction Dr. S. R. Lasker Library, EWU Dr. S. R. Lasker Library, EWU Circulation Section 18/09/1999 Karim International 1327.92 24 658.5 STP 1999 7220 07/06/2016 02/06/2016 C-3 Text
    Dewey Decimal Classification     Non-fiction Dr. S. R. Lasker Library, EWU Dr. S. R. Lasker Library, EWU Circulation Section 18/09/1999 Karim International 1327.92 34 658.5 STP 1999 7221 24/12/2018 23/12/2018 C-4 Text